Największe Miasta na każdą literę w Warmińsko-Mazurskim - Statystyki

Ogólne statystyki
  • Ten quiz został rozwiązany 121 razy
  • Średni wynik to 13 z 18
Statystyki odpowiedzi
Litera Miasto % Poprawnych
O Olsztyn
97%
E Elbląg
96%
I Iława
86%
M Mrągowo
86%
G Giżycko
84%
F Frombork
82%
B Bartoszyce
80%
K Kętrzyn
74%
P Pisz
73%
N Nidzica
72%
L Lidzbark Warmiński
71%
W Węgorzewo
67%
S Szczytno
65%
D Działdowo
64%
J Jeziorany
43%
R Reszel
43%
T Tolkmicko
39%
Z Zalewo
35%
Nie znaleziono quizów pasujących do podanych kryteriów
Rozkład punktacji
Procent ludzi z każdym wynikiem
Percentyl według liczby udzielonych odpowiedzi
Twoja historia wyników
Nie rozwiązałeś tego quizu